| 000 | 00594nam a2200241 a 4500 | ||
|---|---|---|---|
| 001 | nice12345678 | ||
| 003 | IN_TiNIC | ||
| 005 | 20260116014332.0 | ||
| 008 | 080915s2009 dela grp 000 0 eng | ||
| 020 |
_a9788178844411 _c900 |
||
| 082 | 0 | 0 |
_a297.1 _bALI |
| 100 | _aAli, Masood | ||
| 245 | _aMajor Development in Islamic World | ||
| 260 |
_aDelhi _bCyber Techpub _c2009 |
||
| 300 | _a296p | ||
| 500 | _aincludes index and biblioraphy | ||
| 505 | 2 | _abiblio, index | |
| 650 | _aIslam-20th Century | ||
| 700 | 1 | _aAli, Masood | |
| 902 | _bSRS | ||
| 942 | _cBK | ||
| 999 |
_c14868 _d14868 |
||